Take a bet on a buy-to-let (Record no. 72334)
[ view plain ]
| 000 -LEADER | |
|---|---|
| fixed length control field | 01329cam a2200217 4500 |
| 001 - CONTROL NUMBER | |
| control field | ABS66527 |
| 008 - FIXED-LENGTH DATA ELEMENTS--GENERAL INFORMATION | |
| fixed length control field | 030324n2003 000 0 eng u |
| 035 ## - SYSTEM CONTROL NUMBER | |
| System control number | (Sirsi) u121712 |
| 100 ## - MAIN ENTRY--PERSONAL NAME | |
| Personal name | Norwood, G. |
| 245 ## - TITLE STATEMENT | |
| Title | Take a bet on a buy-to-let |
| 260 ## - PUBLICATION, DISTRIBUTION, ETC. | |
| Date of publication, distribution, etc. | 2003 |
| 490 ## - SERIES STATEMENT | |
| Series statement | Estates Gazette |
| Volume/sequential designation | (0310) 8 March 2003, 150-151(2) |
| 520 ## - SUMMARY, ETC. | |
| Summary, etc. | Looks at the developing market for asset management of residential property investments following the expansion of the buy-to-let market and the flight from equities into property. Strategic asset management has long been available to investors in equities and large property consultancies have provided similar services to institutional investors in commercial property. Currently lettings agents offer specific guidance on a property but give little advice on the management of a whole property portfolio. Surveys the type of services offered by some major residential property players. Sees property asset management becoming more regulated as a result of the investigation by the Financial Services Authority and Office of Fair Trading into the conduct of property service providers. |
| 590 ## - LOCAL NOTE (RLIN) | |
| Local note | ABS |
| 650 ## - SUBJECT ADDED ENTRY--TOPICAL TERM | |
| Topical term or geographic name entry element | BUY-TO-LET |
| 650 ## - SUBJECT ADDED ENTRY--TOPICAL TERM | |
| Topical term or geographic name entry element | ASSET MANAGEMENT |
| 650 ## - SUBJECT ADDED ENTRY--TOPICAL TERM | |
| Topical term or geographic name entry element | RESIDENTIAL PROPERTY |
| 9 (RLIN) | 6266 |
| 650 ## - SUBJECT ADDED ENTRY--TOPICAL TERM | |
| Topical term or geographic name entry element | LETTING AGENTS |
| 690 ## - LOCAL SUBJECT ADDED ENTRY--TOPICAL TERM (OCLC, RLIN) | |
| Topical term or geographic name as entry element | HOUSING-INVESTMENT |
| 942 ## - ADDED ENTRY ELEMENTS (KOHA) | |
| Suppress in OPAC | 0 |
| Withdrawn status | Lost status | Source of classification or shelving scheme | Damaged status | Not for loan | Home library | Current library | Shelving location | Date acquired | Total Checkouts | Full call number | Barcode | Date last seen | Copy number | Price effective from | Koha item type |
|---|---|---|---|---|---|---|---|---|---|---|---|---|---|---|---|
| Dewey Decimal Classification | London | London | Journal article | 24/03/2003 | ABS66527 | 121712-1001 | 06/08/2019 | 1 | 06/08/2019 | Journal article |